المسؤولية المدنية عن خطأ الطبيب في مجال نقل الأعضاء البشرية : دراسة مقارنة / (رقم التسجيلة. 93749)

تفاصيل مارك
000 -LEADER
fixed length control field 00736nam a22002057a 4500
005 - DATE AND TIME OF LATEST TRANSACTION
control field 20251108173011.0
008 - FIXED-LENGTH DATA ELEMENTS--GENERAL INFORMATION
fixed length control field 250721s2014 xx 000 0 ara d
082 14 - DEWEY DECIMAL CLASSIFICATION NUMBER
Classification number 346.031/عوا
100 1# - MAIN ENTRY--PERSONAL NAME
Personal name العواودة، محمود سمير
245 10 - TITLE STATEMENT
Title المسؤولية المدنية عن خطأ الطبيب في مجال نقل الأعضاء البشرية : دراسة مقارنة /
264 1# - PRODUCTION, PUBLICATION, DISTRIBUTION, MANUFACTURE, AND COPYRIGHT NOTICE
Place of production, publication, distribution, manufacture إربد :
Name of producer, publisher, distributor, manufacturer دار الكتاب الثقافي،
Date of production, publication, distribution, manufacture, or copyright notice 2014.
300 ## - PHYSICAL DESCRIPTION
Extent 142 ص.
650 17 - SUBJECT ADDED ENTRY--TOPICAL TERM
Topical term or geographic name as entry element القانون المدني
650 17 - SUBJECT ADDED ENTRY--TOPICAL TERM
Topical term or geographic name as entry element التبعية القانونية
650 17 - SUBJECT ADDED ENTRY--TOPICAL TERM
Topical term or geographic name as entry element الطب
650 17 - SUBJECT ADDED ENTRY--TOPICAL TERM
Topical term or geographic name as entry element نقل الأعضاء البشرية
650 17 - SUBJECT ADDED ENTRY--TOPICAL TERM
Topical term or geographic name as entry element القانون الخاص
942 ## - ADDED ENTRY ELEMENTS (KOHA)
Source of classification or shelving scheme Dewey Decimal Classification
Koha item type كتب
المقتنيات
حالة السحب حالة الفقدان مصدر التصنيف حالة التلف غير قابل للإعارة المكتبة الرئيسية المكتبة الحالية موقع الرف تاريخ التزويد الرقم المتسلسل Total Checkouts رقم الإستدعاء الباركود تاريخ آخر ظهور تاريخ الفاتورة نوع المادة (كوها)
    Dewey Decimal Classification     المكتبة المركزية المكتبة المركزية مقتنيات قسم التزويد 28/07/2025 1765247   346.031/عوا   28/07/2025 28/07/2025 كتب
    Dewey Decimal Classification     مكتبة أبو علندا العامة مكتبة أبو علندا العامة الإعارة 15/08/2013 1555767   346.031/عوا PLD00273662 28/07/2025 15/08/2013 كتب
    Dewey Decimal Classification     مكتبة أم قصير والمقابلين العامة مكتبة أم قصير والمقابلين العامة الإعارة 15/08/2013 1555766   346.031/عوا PLD00273661 28/07/2025 15/08/2013 كتب
    Dewey Decimal Classification     مكتبة الجويدة مكتبة الجويدة الإعارة 15/08/2013 1555762   346.031/عوا PLD00273657 28/07/2025 15/08/2013 كتب
    Dewey Decimal Classification     مكتبة الحسن العامة مكتبة الحسن العامة الإعارة 15/08/2013 1555764   346.031/عوا PLD00273659 28/07/2025 15/08/2013 كتب
    Dewey Decimal Classification     مكتبة وادي السير العامة مكتبة وادي السير العامة الإعارة 15/08/2013 1555770   346.031/عوا PLD00273665 28/07/2025 15/08/2013 كتب
    Dewey Decimal Classification     مكتبةمؤتة مكتبةمؤتة الإعارة 15/08/2013 1555763   346.031/عوا PLD00273658 28/07/2025 15/08/2013 كتب
Implemented & Customized by: BBB with SCIT (Smart Chains for Information Technology)

Powered by Koha